Gaming Quiz

Random Gaming Quiz

Sly Cooper Villans Quiz Stats

 Plays Quiz not verified by Sporcle

Challenge
Share
Tweet
Embed
Score 0/5 Timer 05:00
0 Plays Today
% Correct
Clockwerk
87.1%
Panda King
85.8%
Muggshot
78%
Sir Raleigh the Frog
63.5%
Mrs. Ruby
30.9%

You're not logged in!

Compare scores with friends on all Sporcle quizzes.
Join for Free
OR
Log In

You Might Also Like...

Show Comments

Extras

Created Aug 30, 2010ReportNominate
Tags:cooper, sly, Sly Cooper, villains

Top Quizzes Today


Score Distribution

Your Account Isn't Verified!

In order to create a playlist on Sporcle, you need to verify the email address you used during registration. Go to your Sporcle Settings to finish the process.

Report this User

Report this user for behavior that violates our Community Guidelines.

Details: